00538 2200181 4500001002100000005001500021035002000036245009800056100001800154250001700172300003200189260003900221082001000260084001600270020002200286650002800308500002000336INLIS00000000000077120241025100702 a0010-10240000641 aEnsiklopedia Matematika SD :bPerpangkatan dan Penarikan Akar Suatu Bilangan /cYoni Yuniarto0 aYoni Yuniarto aCetakan ke-1 aii, 26 hlm :bIlus ;c30 cm aBandung :bAzka Mulia Media,c2006 a510.3 a510.3 YON e a978-979-1211-10-8 4aEnsiklopedia Matematika aSeri Matematika